000
00308nam a2200133Ia 4500
082
_a
617.6
_b
R12A
100
_a
SINGH
245
_a
RADIOGRAPHIC FEATURES OF COMMON IMPORTANT BENIGN FEW LESIONS
250
_a
1ST
260
_b
JPFA
_a
INDIA
_c
2012
300
_a
Jan-36
650
_a
PHYSIOLOGY
942
_2
ddc
_c
BK
999
_c
2469
_d
2469